[Event "Titled Tuesday intern op 7th Mar Late"]
[Site "Chess.com INT"]
[Date "2023.03.07"]
[Round "7"]
[White "Cheng, Xiao"]
[Black "Ismagilov, Damir"]
[Result "1-0"]
[WhiteElo "2288"]
[BlackElo "2156"]
[PlyCount "77"]
[EventDate "2023.03.07"]
[EventType "swiss (blitz)"]
[EventRounds "11"]
[EventCountry "USA"]
[SourceTitle "EXT 2024"]
[Source "ChessBase"]
[SourceDate "2023.10.10"]
[SourceVersion "1"]
[SourceVersionDate "2023.10.10"]
[SourceQuality "1"]

1. e4 c5 2. Nf3 e6 3. d4 cxd4 4. Nxd4 Nf6 5. Nc3 Nc6 6. Ndb5 Bc5 7. Bf4 0-0 8. Bd6 Qb6 9. Bxc5 Qxc5 10. Qd6 Qb6 11. Qc7 Qc5 12. Qd6 Qg5 13. h4 Qe5 14. Qd3 d5 15. 0-0-0 dxe4 16. Qe3 Ng4 17. Qd2 a6 18. Nd4 Nxd4 19. Qxd4 Qf4+ 20. Qd2 Qxf2 21. Be2 e5 22. Nxe4 Qe3 23. Bf3 Bf5 24. Qxe3 Nxe3 25. Rde1 Nc4 26. b3 Na3 27. Kb2 Nb5 28. Ng3 Bg6 29. Rxe5 Nd4 30. h5 Bxc2 31. Bxb7 Rab8 32. Bxa6 Bxb3 33. axb3 Rxb3+ 34. Ka2 Rxg3 35. Bb7 h6 36. Rd1 Ne6 37. Bf3 Rg6 38. hxg6 fxg6 39. Rxe6 1-0